000 00563nam a2200193 4500
999 _c12777
_d12777
008 210604b ||||| |||| 00| 0 hin d
020 _a81-7145-028-8
_cRs.50.00
041 0 _ahin
082 0 0 _a891.43
_bD492
100 _93464
_aDevi, Ashapurna
245 1 0 _aPyar ka chehra /
_cby Ashapurna Devi
245 1 0 _aप्यार का चेहरा /
_cआशापूर्णा देवी
250 _a1st ed.
260 _aDelhi:
_bSanmarg prakashan,
_c1993
300 _a102 p.
365 _bINR 50.00
650 0 _aHindi fiction
942 _2ddc
_cBK